Fundamentals in Lodging Operations (Record no. 88202)
[ view plain ]
| 000 -LEADER | |
|---|---|
| fixed length control field | 00628nam a22002297a 4500 |
| 003 - CONTROL NUMBER IDENTIFIER | |
| control field | URS |
| 005 - DATE AND TIME OF LATEST TRANSACTION | |
| control field | 20251022142526.0 |
| 008 - FIXED-LENGTH DATA ELEMENTS--GENERAL INFORMATION | |
| fixed length control field | 251001b ||||| |||| 00| 0 eng d |
| 020 ## - INTERNATIONAL STANDARD BOOK NUMBER | |
| International Standard Book Number | 978-621-04-4354-7 |
| 040 ## - CATALOGING SOURCE | |
| Transcribing agency | URS |
| 050 ## - LIBRARY OF CONGRESS CALL NUMBER | |
| Classification number | TX911.3 |
| Item number | .M27.P7391 2023 |
| 100 ## - MAIN ENTRY--PERSONAL NAME | |
| Personal name | Monzon-Po, Sarah |
| 245 ## - TITLE STATEMENT | |
| Title | Fundamentals in Lodging Operations |
| 250 ## - EDITION STATEMENT | |
| Edition statement | First Edition |
| 264 ## - PRODUCTION, PUBLICATION, DISTRIBUTION, MANUFACTURE, AND COPYRIGHT NOTICE | |
| Place of production, publication, distribution, manufacture | Quezon City |
| Name of producer, publisher, distributor, manufacturer | REX Book Store |
| Date of production, publication, distribution, manufacture, or copyright notice | ©2023 |
| 300 ## - PHYSICAL DESCRIPTION | |
| Extent | 225 pages.,: |
| Dimensions | 25 cm. |
| 336 ## - CONTENT TYPE | |
| Source | rdacontent |
| Content type term | text |
| 337 ## - MEDIA TYPE | |
| Source | rdamedia |
| Media type term | unmediated |
| 338 ## - CARRIER TYPE | |
| Source | rdacarrier |
| Carrier type term | volume |
| 650 #0 - SUBJECT ADDED ENTRY--TOPICAL TERM | |
| Topical term or geographic name entry element | Hospitality Industry |
| General subdivision | Management |
| 942 ## - ADDED ENTRY ELEMENTS (KOHA) | |
| Source of classification or shelving scheme | Library of Congress Classification |
| Koha item type | Filipiniana |
| Withdrawn status | Source of classification or shelving scheme | Damaged status | Not for loan | Collection code | Home library | Current library | Date acquired | Total Checkouts | Full call number | Barcode | Date last seen | Copy number | Price effective from | Koha item type |
|---|---|---|---|---|---|---|---|---|---|---|---|---|---|---|
| Library of Congress Classification | Non-fiction | Morong College Library | Morong College Library | 10/01/2025 | TX911.3 .M27.P7391 2023 | URSMOR-CL-30555 | 10/01/2025 | 1 | 10/01/2025 | Filipiniana | ||||
| Library of Congress Classification | Non-fiction | Morong College Library | Morong College Library | 10/01/2025 | TX911.3 .M27.P7391 2023 | URSMOR-CL-30556 | 10/01/2025 | 2 | 10/01/2025 | Filipiniana | ||||
| Library of Congress Classification | Non-fiction | Morong College Library | Morong College Library | 10/01/2025 | TX911.3 .M27.P7391 2023 | URSMOR-CL-30557 | 10/01/2025 | 3 | 10/01/2025 | Filipiniana | ||||
| Library of Congress Classification | Non-fiction | Morong College Library | Morong College Library | 10/01/2025 | TX911.3 .M27.P7391 2023 | URSMOR-CL-30558 | 10/01/2025 | 4 | 10/01/2025 | Filipiniana | ||||
| Library of Congress Classification | Non-fiction | Morong College Library | Morong College Library | 10/01/2025 | TX911.3 .M27.P7391 2023 | URSMOR-CL-30559 | 10/01/2025 | 5 | 10/01/2025 | Filipiniana |